Lino XIX : novela /
Gespeichert in:
| 1. Verfasser: | |
|---|---|
| Format: | Unbekannt |
| Sprache: | Spanish |
| Veröffentlicht: |
San José, Costa Rica :
Editorial de la Universidad de Costa Rica,
1996.
|
| Schlagworte: | |
| Tags: |
Tag hinzufügen
Keine Tags, Fügen Sie den ersten Tag hinzu!
|
MARC
| LEADER | 000000000a22000000004500 | ||
|---|---|---|---|
| 001 | 003283 | ||
| 020 | |a 9977673837 | ||
| 041 | 0 | |a spa | |
| 082 | 0 | 4 | |a CR863.4 |b P5858L Identidad Cultural |
| 100 | 1 | |a Picado Umaña, Mario | |
| 245 | 1 | 0 | |a Lino XIX : |b novela / |c Mario Picado Umaña. |
| 260 | 1 | |a San José, Costa Rica : |b Editorial de la Universidad de Costa Rica, |c 1996. | |
| 300 | |a 120 páginas | ||
| 500 | |a La biblioteca contiene más ejemplares con número de inscripción 14276, 14277, 14275 | ||
| 650 | 4 | |a LITERATURA COSTARRICENSE | |
| 650 | 4 | |a NOVELA | |
| 999 | |c 9541 |d 9541 | ||
| 942 | |c BK |h CR863.4 P5858L Identidad Cultural |2 z | ||



